Frágil felicidad
Salvato in:
| Autore principale: | |
|---|---|
| Natura: | Libro |
| Lingua: | Undetermined |
| Pubblicazione: |
Barcelona, España
Editorial Gedisa
1987
|
| Soggetti: | |
| Tags: |
Aggiungi Tag
Nessun Tag, puoi essere il primo ad aggiungerne!!
|
MARC
| LEADER | 00000nam a2200000Ia 4500 | ||
|---|---|---|---|
| 008 | 170316s9999 xx 000 0 und d | ||
| 090 | |a 100 T-20f | ||
| 100 | |a Todorov, Tzvetan | ||
| 245 | |a Frágil felicidad | ||
| 260 | |a Barcelona, España | ||
| 260 | |b Editorial Gedisa | ||
| 260 | |c 1987 | ||
| 300 | |a 123 páginas | ||
| 650 | |a FILOSOFÍA | ||
| 650 | |a DOCTRINA | ||
| 650 | |a EL CIUDADANO | ||
| 650 | |a EL INDIVIDUO SOLITARIO | ||
| 650 | |a EL INDIVIDUO MORAL | ||
| 999 | |c 17754 |d 17754 | ||
| 040 | |a cru BVZT | ||
| 942 | |c 15 D |h 100 T-20f |2 z | ||
